| 000 | 00575nam a2200241 a 4500 | ||
|---|---|---|---|
| 001 | 0001-1005 | ||
| 003 | ELIB.Books | ||
| 008 | 141017 2010 eng | ||
| 020 | _aKBTS | ||
| 035 | _a(ELIB.Books)0001-1159 | ||
| 092 |
_a131 _bOsb |
||
| 100 | _aOsbern, Alex | ||
| 245 | _aWake Up Your Mind | ||
| 260 |
_aNew York _bA Dell Book _c1952 |
||
| 300 |
_a256 _c6.5 Cm |
||
| 500 | _aDr. Yahalaylayla | ||
| 650 | _aSuccess | ||
| 856 |
_nKBTS; Library _uKBTS; Elib. |
||
| 942 |
_2ddc _cBK |
||
| 990 | _a1 | ||
| 998 |
_cbat _e2014-10-17 |
||
| 999 |
_c11005 _d11005 |
||